| 000 | 00760nam0a22002411 4500 | ||
|---|---|---|---|
| 001 | rc\139493 | ||
| 005 | 20260406123616.0 | ||
| 010 |
_a5-251-00002-2 _915000 |
||
| 035 | _a(NLR Aleph) 005411452 | ||
| 090 |
_a7378285 _c7378285 |
||
| 100 | _a20030307d1997 |||y0rusy50 ca | ||
| 101 | 0 | _arus | |
| 102 | _aRU | ||
| 105 | _ay ||||||||| | ||
| 200 | 1 |
_aЮная беглянка _e[Роман] _fБарбара Картленд _g[Пер. с англ. Г.В. Тугусовой] |
|
| 210 |
_aМ. _cЭКСМО _d1997 |
||
| 215 |
_a348, [1] с. _d17 |
||
| 700 | 1 |
_4070 _8rus _7ca _aКартланд _bБ. _f1901-2000 _gБарбара _3RU\NLR\auth\77841 _9110879 |
|
| 801 | 0 |
_aRU _bNLR _gpsbo |
|
| 801 | 1 |
_aRU _bELAR _2rusmarc |
|
| 852 |
_aNLR _j97-2/768 |
||
| 942 | _cBOOK | ||
| 980 | _aNB | ||